History : (Record no. 332277)
[ view plain ]
| 000 -LEADER | |
|---|---|
| fixed length control field | 00862 a2200193 4500 |
| 003 - CONTROL NUMBER IDENTIFIER | |
| control field | NUST |
| 005 - DATE AND TIME OF LATEST TRANSACTION | |
| control field | 20171122115509.0 |
| 008 - FIXED-LENGTH DATA ELEMENTS--GENERAL INFORMATION | |
| fixed length control field | 171122b xxu||||| |||| 00| 0 eng d |
| 040 ## - CATALOGING SOURCE | |
| Transcribing agency | 0 |
| 082 ## - DEWEY DECIMAL CLASSIFICATION NUMBER | |
| Classification number | 907 GAW |
| 100 ## - MAIN ENTRY--PERSONAL NAME | |
| Personal name | Gawronski, Donald V |
| 9 (RLIN) | 6649 |
| 245 ## - TITLE STATEMENT | |
| Title | History : |
| Statement of responsibility, etc. | Donald V gawronski |
| Remainder of title | Meaning and Method |
| 260 ## - PUBLICATION, DISTRIBUTION, ETC. | |
| Name of publisher, distributor, etc. | National Book Foundation |
| Place of publication, distribution, etc. | ISLAMABAD |
| Date of publication, distribution, etc. | 1967 |
| 300 ## - PHYSICAL DESCRIPTION | |
| Extent | 117p |
| 500 ## - GENERAL NOTE | |
| General note | H.B |
| 505 ## - FORMATTED CONTENTS NOTE | |
| Formatted contents note | Universal States (Page-1) Universal Churches (Page-76)Heroic Ages (Page-120) Contacts Between Civilizations in Space (Page-144) Contacts Between Civilizations in Time (Page-241) Law and Freedom in History (Page-261) The Prospects of the Western Civilization (Page-302) Conclusion (Page-350). |
| 538 ## - SYSTEM DETAILS NOTE | |
| System details note | Almirah No.59 Shelf No.3 |
| 650 ## - SUBJECT ADDED ENTRY--TOPICAL TERM | |
| Topical term or geographic name entry element | History : |
| 9 (RLIN) | 3046 |
| 942 ## - ADDED ENTRY ELEMENTS (KOHA) | |
| Source of classification or shelving scheme | |
| Koha item type | Book |
| Call number prefix | IESE |
| Withdrawn status | Lost status | Source of classification or shelving scheme | Damaged status | Not for loan | Collection code | Permanent Location | Current Location | Shelving location | Date acquired | Total Checkouts | Full call number | Barcode | Date last seen | Price effective from | Koha item type |
|---|---|---|---|---|---|---|---|---|---|---|---|---|---|---|---|
| Institute of Environmental Science and Engineering (IESE) | Institute of Environmental Science and Engineering (IESE) | General Stacks | 11/22/2017 | 907 GAW | IESE-2367 | 11/22/2017 | 11/22/2017 | Book | |||||||
| Institute of Environmental Science and Engineering (IESE) | Institute of Environmental Science and Engineering (IESE) | General Stacks | 11/22/2017 | 907 GAW | IESE-2368 | 11/22/2017 | 11/22/2017 | Book |
